Nommez les Pokémons légendaires de la 1er a la 6ème G - Statistiques

Statistiques générales
  • Ce quiz a été pris 116 fois
  • Le résultat moyen est 40 sur 54
Statistiques - réponses
génération Pokémon Légendaire % Correct
1er génération Mew
93%
1er génération Sulfura
93%
1er génération Artikodin
92%
1er génération Mewtwo
92%
1er génération Électhor
91%
3ème génération Groudon
89%
4ème génération Palkia
89%
4ème génération Dialga
88%
3ème génération Kyogre
87%
3ème génération Rayquaza
87%
4ème génération Arceus
85%
2ème génération Lugia
85%
2ème génération Ho-oh
84%
4ème génération Giratina
83%
2ème génération Suicune
83%
2ème génération Entei
81%
2ème génération Raikou
81%
3ème génération Regirock
81%
2ème génération Célébi
80%
4ème génération Regigigas
79%
3ème génération Regice
77%
3ème génération Registeel
77%
4ème génération Créfadet
76%
4ème génération Créfollet
76%
5ème génération Zekrom
76%
4ème génération Créhelf
75%
5ème génération Reshiram
75%
4ème génération Darkrai
73%
6ème génération Xerneas
73%
3ème génération Latias
72%
3ème génération Latios
72%
6ème génération Yveltal
72%
5ème génération Démétéros
71%
3ème génération Jirachi
71%
5ème génération Cobaltium
69%
5ème génération Fulguris
69%
4ème génération Heatran
69%
5ème génération Kyurem
68%
5ème génération Boréas
67%
4ème génération Cresselia
67%
5ème génération Terrakium
67%
5ème génération Victini
67%
5ème génération Viridium
67%
6ème génération Zygarde
67%
3ème génération Deoxys
65%
5ème génération Keldeo
63%
4ème génération Shaymin
61%
4ème génération Manaphy
59%
6ème génération Volcanion
59%
4ème génération Phione
57%
6ème génération Hoopa
55%
6ème génération Diancie
52%
5ème génération Genesect
52%
5ème génération Meloetta
48%
Aucun quiz correspondant
Distribution des résultats
% des personnes avec chaque résultat
Percentile par nombre de réponses
Votre historique - résultats
Vous n’avez pas pris ce quiz